TOP 100 WTA - Statistiques

Statistiques générales
  • Ce quiz a été pris 156 fois
    133 depuis la dernière actualisation
  • Le résultat moyen est 34 sur 100
Statistiques - réponses
Classement Joueuses % Correct
1 Swiatek
99%
2 Sabalenka
98%
23 Garcia
93%
3 Gauff
90%
4 Rybakina
86%
6 Jabeur
80%
5 Pegula
78%
17 Svitolina
76%
14 Paolini
73%
8 Zheng
71%
9 Sakkari
70%
7 Vondrousova
69%
10 Ostapenko
66%
62 Parry
65%
48 Collins
59%
30 Azarenka
58%
72 Badosa
58%
37 | 96 Andreeva
57%
20 Keys
56%
21 Krejčíková
52%
27 Mertens
52%
12 Kasatkina
51%
46 Burel
48%
34 Kostyuk
48%
55 Gracheva
47%
40 Stephens
45%
32 Fernandez
44%
38 Pliskova
42%
11 Muchova
41%
26 Navarro
40%
18 Kvitova
38%
53 Linette
38%
15 Samsonova
38%
49 Boulter
37%
82 Dodin
37%
13 Haddad Maia
37%
24 Kalinskaya
37%
25 Pavlyuchenkova
37%
57 Bencic
36%
41 | 64 | 69 Wang
35%
31 Potapova
34%
28 Vekic
34%
16 Alexandrova
33%
42 Frech
31%
22 Cirstea
30%
91 Errani
30%
19 Kudermetova
30%
29 Noskova
30%
54 Kenin
29%
99 Osorio
29%
43 Siniaková
29%
35 Kalinina
28%
47 Maria
27%
51 Blinkova
26%
39 Bouzkova
26%
50 Sorribes Tormo
26%
56 Cocciaretto
24%
59 Martic
24%
92 Tauson
24%
52 Bronzetti
23%
44 Rus
23%
60 Trevisan
23%
65 Bogdan
22%
67 Bucsa
21%
75 Cristian
21%
73 Shnaider
21%
36 Tsurenko
21%
90 Dart
20%
78 Minnen
20%
66 Sherif
20%
88 Siegemund
20%
74 Tomova
19%
45 Dolehide
17%
71 Golubic
16%
83 Townsend
16%
68 Yuan
15%
63 Avanesyan
14%
95 Fruhvirtová
14%
85 Podoroska
14%
100 Sasnovich
14%
80 Putinseva
13%
76 Schmiedlová
12%
81 Hibino
10%
79 Pera
8%
61 Stearns
8%
87 Wickmayer
7%
94 Rakhimova
6%
58 Zhu
6%
86 Burrage
5%
98 Masarova
5%
89 Day
3%
77 Korpatsch
2%
70 Kruger
2%
84 Bai
1%
93 Bektas
1%
33 Yamstreka
1%
97 Rodionova
0%
Aucun quiz correspondant
Distribution des résultats
% des personnes avec chaque résultat
Percentile par nombre de réponses
Votre historique - résultats
Vous n’avez pas pris ce quiz depuis la dernière actualisation